|
|
|
|
| LEADER |
00647ntm a2200169 i 4500 |
| 001 |
misc68869 |
| 005 |
20211014110751.0 |
| 008 |
211013suuuu hu o 0|| hun d |
| 040 |
|
|
|a SZTE Miscellanea Repozitórium
|b hun
|
| 041 |
|
|
|a hun
|
| 245 |
0 |
0 |
|a Miniszter Ur!
|h [elektronikus dokumentum] :
|b [levelek, tervezetek, másolat]
|
| 300 |
|
|
|a 2
|c 31 cm
|
| 650 |
|
4 |
|a Bölcsészettudományok
|
| 650 |
|
4 |
|a Történettudomány és régészet
|
| 650 |
|
4 |
|a Történettudomány
|
| 695 |
|
|
|a Erdély története - 20. sz., Kisebbség - magyar - Románia, Autonómia, Békeelőkészítés
|
| 856 |
4 |
0 |
|u http://misc.bibl.u-szeged.hu/68869/1/4355_004.pdf
|z Dokumentum-elérés
|